[Event "IV Copa Marcel Duchamp 2020"]
[Site "Montevideo"]
[Date "2020.02.09"]
[Round "3.30"]
[White "Silvera, Pilar"]
[Black "Gaye, Gustavo"]
[Result "0-1"]
[WhiteElo "1356"]
[BlackElo "2001"]
[Annotator "NA RC"]
[PlyCount "60"]
[EventDate "2020.02.08"]
[EventType "swiss"]
[EventCountry "URU"]
[SourceTitle "playchess.com"]
[Source "ChessBase"]
[SourceQuality "1"]
[TimeControl "5400+30"]

{[%evp 24,60,-52,-67,32767,0,0,-32,26,-28,-34,-33,-41,-195,-199,32767,32767,32767,32767,32767,32767,-209,-197,-196,-168,-180,-175,-210,-206,-242,-231,-230,-207,-204,-201,-193,-204,-187,-204]} 1. e4 {[%emt 0:11:01]} c5 {[%emt 0:00:00]} 2. Nf3 {[%emt 0:00:41]} g6 {[%emt 0:00:00]} 3. d4 {[%emt 0:00:22]} cxd4 {[%emt 0:00:00]} 4. Nxd4 {[%emt 0:00:08]} Nc6 {[%emt 0:00:08]} 5. Be3 {[%emt 0:00:08]} Nf6 {[%emt 0:00:18]} 6. Nc3 {[%emt 0:00:08]} Bg7 {[%emt 0:00:07]} 7. f3 {[%emt 0:00:09]} O-O {[%emt 0:00:07]} 8. Qd2 {[%emt 0:01:34]} d5 {[%emt 0:04:30]} 9. O-O-O {[%emt 0:00:09]} dxe4 {[%emt 0:00:57]} 10. Nxc6 {[%emt 0:00:18]} Qxd2+ {[%emt 0:00:43]} 11. Rxd2 {[%emt 0:00:09]} bxc6 {[%emt 0:00:08]} 12. Nxe4 {[%emt 0:00:09]} Nd5 {[%emt 0:00:24] B34: Sicilian: Accelerated Dragon with 5 Nc3: sidelines.} 13. Bc5 {[%emt 0:00:32]} Re8 {[%emt 0:19:48] [#]} 14. Rd1 $146 {[%emt 0:06:08]} ({Predecessor:} 14. c4 Nc7 15. Be3 a5 16. Be2 Ne6 17. h4 f5 18. Ng5 f4 19. Bf2 Nxg5 20. hxg5 {½-½ (87) Khatibi,M (2172)-Mahjoob,M (2381) Rasht 2015}) 14... Rb8 {[%emt 0:04:33]} 15. c3 {[%emt 0:28:14]} Bf5 {[%emt 0:04:25]} (15... Be6 $15) 16. g3 {[%emt 0:14:42]} ({White should play} 16. g4 Bxe4 17. fxe4 Bh6+ 18. Kc2) 16... Bh6+ {[%emt 0:03:49]} 17. Kc2 {[%emt 0:00:08]} Be3 {[%emt 0:14:14]} 18. Bd3 $2 {[%emt 0:04:42]} (18. Ba3 $15) 18... Bxc5 {[%emt 0:00:39]} 19. Nxc5 {[%emt 0:01:37]} Ne3+ {[%emt 0:00:05]} 20. Kc1 {[%emt 0:00:06]} Nxd1 {[%emt 0:00:24]} 21. Rxd1 {[%emt 0:00:06]} Bxd3 {[%emt 0:00:22]} 22. Rxd3 {[%emt 0:00:09]} Red8 {[%emt 0:01:17]} 23. Re3 {[%emt 0:02:15]} e6 {[%emt 0:00:29]} 24. f4 {[%emt 0:03:19]} Rd5 {[%emt 0:01:21]} 25. Nb3 {[%emt 0:00:15]} Rbd8 {[%emt 0:00:39]} 26. Re1 {[%emt 0:00:42]} Kg7 {[%emt 0:01:50]} 27. Kc2 {[%emt 0:00:35]} Kf6 {[%emt 0:01:20]} 28. Re2 {[%emt 0:04:46]} h5 {[%emt 0:01:06]} 29. Nd4 {[%emt 0:01:10]} Rc8 {[%emt 0:04:07]} 30. Nf3 {[%emt 0:00:32]} Rc7 $19 {[%emt 0:04:28]} 0-1

[Event "IV Copa Marcel Duchamp 2020"]
[Site "Montevideo"]
[Date "2020.02.09"]
[Round "3.31"]
[White "Aguilera, Angel"]
[Black "Montanu, Dan-Vladimir"]
[Result "0-1"]
[WhiteElo "1196"]
[BlackElo "1983"]
[Annotator "NA RC"]
[PlyCount "94"]
[EventDate "2020.02.08"]
[EventType "swiss"]
[EventCountry "URU"]
[SourceTitle "playchess.com"]
[Source "ChessBase"]
[SourceQuality "1"]
[TimeControl "5400+30"]

{[%evp 8,83,-4,32767,32767,32767,32767,32767,32767,32767,32767,32767,-33,-58,-66,-70,-53,-83,-66,-54,-48,-71,32767,32767,32767,32767,-58,-72,-72,-69,-62,-62,-59,-59,-64,-64,-59,-56,-57,-67,-64,-70,-71,-76,-78,-72,-67,-87,-56,-50,0,-139,-124,-141,-75,-88,-92,-99,-70,-42,-39,-43,-7,-67,-23,-59,-72,-109,-43,-53,0,-172,-83,-367,-468,-483,-544,-458]} 1. Nf3 {[%emt 0:00:00]} d5 {[%emt 0:00:00]} 2. g3 {[%emt 0:00:14]} Nf6 {[%emt 0:00:18]} 3. c3 {[%emt 0:00:39]} c5 {[%emt 0:00:32]} 4. Bg2 {[%emt 0:00:13]} Nc6 {[%emt 0:00:50]} 5. O-O {[%emt 0:01:06]} e5 {[%emt 0:01:15]} 6. d3 {[%emt 0:00:44] A07: Réti Opening: New York and Capablanca Systems.} h6 {[%emt 0:00:54] [#]} 7. b3 $146 {[%emt 0:01:22]} ({Predecessor:} 7. a3 Be6 8. b4 e4 9. Nfd2 exd3 10. exd3 Bd6 11. Nb3 c4 12. dxc4 dxc4 13. Nd4 Nxd4 14. cxd4 O-O 15. Bxb7 Rb8 16. Bg2 a5 17. bxa5 Qxa5 18. Bd2 Qb6 19. Nc3 Qxd4 20. Bf4 {½-½ (20) Telljohann,S (2391)-Khenkin,I (2675) Frankfurt 2012}) 7... Bd6 {[%emt 0:02:04]} 8. Nbd2 {[%emt 0:01:00]} Be6 {[%emt 0:03:26]} 9. Bb2 {[%emt 0:04:38]} O-O {[%emt 0:04:27]} 10. Qc2 {[%emt 0:01:14]} Rc8 {[%emt 0:00:32]} 11. Rfe1 {[%emt 0:00:45]} Qd7 {[%emt 0:00:58]} 12. Rad1 {[%emt 0:01:20]} b5 {[%emt 0:04:01]} 13. a3 {[%emt 0:01:56]} a5 {[%emt 0:00:22]} 14. e4 {[%emt 0:00:45]} d4 {[%emt 0:01:51]} 15. c4 {[%emt 0:01:56]} bxc4 {[%emt 0:00:35]} 16. bxc4 {[%emt 0:01:00]} Qa7 {[%emt 0:08:06]} 17. Rb1 {[%emt 0:05:08]} a4 {[%emt 0:01:50]} 18. Ba1 {[%emt 0:00:43]} Rb8 {[%emt 0:02:56]} 19. Rxb8 {[%emt 0:05:16]} Rxb8 {[%emt 0:00:18]} 20. Rb1 {[%emt 0:00:23]} Bd7 {[%emt 0:01:10]} 21. Rxb8+ {[%emt 0:01:06]} Bxb8 {[%emt 0:00:47]} 22. Bb2 {[%emt 0:03:29]} Bc7 {[%emt 0:03:54]} 23. h3 {[%emt 0:03:22]} Ne8 {[%emt 0:08:54]} 24. Kh2 {[%emt 0:06:18]} Qb6 {[%emt 0:01:30]} 25. Ba1 {[%emt 0:01:07]} Na5 {[%emt 0:02:43]} 26. Bb2 {[%emt 0:07:44]} f6 {[%emt 0:06:10]} 27. h4 {[%emt 0:00:26]} Nd6 {[%emt 0:00:42]} 28. Bh3 {[%emt 0:00:43]} Qc6 {[%emt 0:01:10]} (28... Be8 $15) 29. g4 {[%emt 0:04:43]} (29. Bxd7 $11 {remains equal.} Qxd7 30. Kg2) 29... Nf7 {[%emt 0:01:55]} 30. h5 {[%emt 0:02:24]} Nb7 {[%emt 0:03:51]} 31. Nh4 {[%emt 0:00:41]} Nbd8 {[%emt 0:01:45]} 32. Ng6 {[%emt 0:00:30]} Bd6 {[%emt 0:01:21]} 33. Nf3 {[%emt 0:00:39]} Ne6 {[%emt 0:00:37]} 34. Nfh4 {[%emt 0:02:42]} Neg5 {[%emt 0:02:30]} 35. Qd1 {[%emt 0:03:06]} Qb6 {[%emt 0:03:17]} 36. Qe2 {[%emt 0:00:31]} Qb3 {[%emt 0:00:35]} 37. Kg3 {[%emt 0:02:47]} (37. Nf5 $11) 37... Bc7 {[%emt 0:08:47]} 38. Ne7+ {[%emt 0:01:22]} Kh7 {[%emt 0:00:41]} 39. Nd5 $2 {[%emt 0:10:27]} (39. Nhg6 $11 {and White has nothing to worry.} Qb8 40. Nd5) 39... Ba5 {[%emt 0:00:59]} (39... Be6 $19 {and Black stays clearly on top.} 40. Nxc7 Bxc4) 40. Nf3 $2 {[%emt 0:05:37]} (40. Ng6 $15) 40... Bc3 {[%emt 0:04:28]} 41. Bc1 {[%emt 0:01:22]} Nxh3 {[%emt 0:03:43]} 42. Kxh3 $19 {[%emt 0:01:13]} Qb1 {[%emt 0:02:00]} 43. Qd1 {[%emt 0:01:37]} Bb2 {[%emt 0:00:37]} 44. Nd2 {[%emt 0:01:48]} Qxc1 {[%emt 0:00:22]} 45. Qxc1 {[%emt 0:00:27]} Bxc1 {[%emt 0:00:07]} 46. Nb1 {[%emt 0:00:47]} Ng5+ {[%emt 0:00:43]} 47. Kg2 {[%emt 0:00:25]} Bxg4 {[%emt 0:00:28]} 0-1